000 00375nam a2200145 i 4500
001 bg
100 1 _aHOCHACHKA, Peter W.
245 0 _aStrategie adaptacji biochemicznych /
_cPeter W. Hochachka, George N. Somero.
260 _aWarszawa,
_c1978.
700 1 _aSOMERO, George N.
040 _cBPK
041 _apol
942 _cKS
008 s pl f |000 0 pol
999 _c9633
_d9633
856 _uhttp://koha.tu.koszalin.pl/cgi-bin/koha/opac-detail.pl?biblionumber=9633
_yKatalog online BPK